| 000 | 00944cam a2200277 i 4500 | ||
|---|---|---|---|
| 001 | 1355349 | ||
| 003 | 20170605114614.0 | ||
| 005 | 20240606081134.0 | ||
| 008 | 801031s1981 nyu 001 0 eng | ||
| 010 | _a 80026594 | ||
| 020 | _z0060439691 | ||
| 040 |
_aDLC _cDLC _dDLC |
||
| 050 | 0 | 0 |
_aHB171.5 _b.L733 1981 |
| 082 | 0 | 0 |
_a330 _219 |
| 100 | 1 |
_aLipsey, Richard G., _d1928- |
|
| 245 | 1 | 0 | _aEconomics / |
| 250 | _a6th ed. | ||
| 260 |
_aNew York : _bHarper & Row, _cc1981. |
||
| 300 |
_axxviii, 958 p. : _bgraphs ; _c24 cm. |
||
| 500 | _a"Portions of this work were first published in the United Kingdom as An introduction to positive economics, (e.g., [Copyright symbol]) 1963 by Richard G. Lipsey." | ||
| 500 | _aIncludes index. | ||
| 650 | 0 | _aEconomics. | |
| 700 | 1 |
_aSteiner, Peter Otto, _d1922- _ejoint author. |
|
| 906 |
_a7 _bcbc _corignew _du _eocip _f19 _gy-gencatlg |
||
| 942 |
_2lcc _cBK |
||
| 999 |
_c10317 _d10317 |
||